[Event "Titled Tue 26th Aug Late"]
[Site "chess.com INT"]
[Date "2025.08.26"]
[Round "2"]
[White "Yeganegi, Barad"]
[Black "Joel Paul Ganta"]
[Result "1-0"]
[WhiteTitle "FM"]
[BlackTitle "CM"]
[WhiteElo "2400"]
[BlackElo "2067"]
[WhiteFideId "42516340"]
[BlackFideId "35066145"]
[EventDate "2025.08.26"]

1. Nf3 d5 2. b3 Nf6 3. Bb2 e6 4. h3 Be7 5. e3 O-O 6. c4 c5 7. Bd3 Nc6 8. O-O b6
9. cxd5 exd5 10. Nc3 d4 11. Ne4 Bb7 12. Rc1 Nb4 13. Nxf6+ Bxf6 14. Bb1 dxe3 15.
Bxf6 exf2+ 16. Rxf2 Qxf6 17. a3 Nc6 18. Be4 h6 19. d4 Rad8 20. Ne5 Qe6 21. Bxc6
Bxc6 22. Qg4 Bd5 23. Qxe6 Bxe6 24. dxc5 bxc5 25. Rxc5 Bxb3 26. Rc7 a5 27. Nc6
Ra8 28. Rb7 a4 29. Nd4 Bd5 30. Rd7 Rfd8 31. Rxd8+ Rxd8 32. Nf5 Be6 33. Ne7+ Kf8
34. Nc6 Rd3 35. Rb2 g5 36. Rb8+ Kg7 37. Ra8 Rxa3 38. Nd4 Bd5 39. Ra6 Ra2 40.
Nf5+ Kf8 41. Rd6 Rxg2+ 42. Kf1 Ke8 43. Rxd5 Rh2 44. Rd3 h5 45. Ng7+ Kf8 46. Nxh5
g4 47. hxg4 Rh4 48. Rd4 a3 49. Ra4 a2 50. Nf6 Kg7 51. Nh5+ Kg6 52. Ra6+ Kg5 53.
Rxa2 Rxg4 54. Ra5+ f5 55. Ng7 Rf4+ 56. Kg2 Kf6 57. Nh5+ Kg5 58. Nxf4 Kxf4 59.
Ra4+ Kg5 60. Kf3 Kf6 61. Ra5 1-0

[Event "Titled Tue 26th Aug Late"]
[Site "chess.com INT"]
[Date "2025.08.26"]
[Round "2"]
[White "Caruana, Fabiano"]
[Black "Adharsh K"]
[Result "1-0"]
[WhiteTitle "GM"]
[BlackTitle "FM"]
[WhiteElo "2784"]
[BlackElo "2346"]
[WhiteFideId "2020009"]
[BlackFideId "25718207"]
[EventDate "2025.08.26"]

1. e4 c5 2. Nc3 Nc6 3. Bb5 Nd4 4. Nf3 a6 5. Bd3 e6 6. O-O Ne7 7. Nxd4 cxd4 8.
Ne2 Nc6 9. c3 dxc3 10. dxc3 Be7 11. c4 O-O 12. Nc3 b6 13. Be3 Bb7 14. Qd2 Rc8
15. Rac1 Ne5 16. b3 Nxd3 17. Qxd3 Bc6 18. a4 Bf6 19. Bd4 Be7 20. Rcd1 f5 21. Qg3
Bf6 22. Bxf6 Rxf6 23. exf5 Rxf5 24. Qe3 Qf6 25. f3 Rf8 26. Ne2 b5 27. axb5 axb5
28. Nd4 Re5 29. Qf2 bxc4 30. Nxc6 dxc6 31. bxc4 Qf4 32. Rd4 Qe3 33. Qxe3 Rxe3
34. Kf2 Rc3 35. Re1 c5 36. Rg4 Rc2+ 37. Kg3 Kf7 38. Ra1 Kg8 39. Ra6 Rf6 40. Ra8+
Rf8 41. Ra5 Rf5 42. h4 h5 43. Re4 Kf7 44. Ra7+ Kf6 45. Rc7 g5 46. Rc6 gxh4+ 47.
Kh3 Rg5 48. Rcxe6+ Kf7 49. Re7+ Kf8 50. Re2 Rxc4 51. Ra7 Rd4 52. Rb2 Rgd5 53.
Rbb7 c4 54. Rc7 Rd8 55. Rc5 R8d5 56. Rc6 Rd6 57. Rcc7 Rd8 58. Rh7 Kg8 59. Rag7+
Kf8 60. Rc7 Kg8 61. Rxh5 Rd1 62. Rxh4 Rh1+ 63. Kg3 Rxh4 64. Kxh4 Rd4+ 65. g4 Rd3
66. f4 c3 67. f5 Re3 68. Kg5 1-0

[Event "Titled Tue 26th Aug Late"]
[Site "chess.com INT"]
[Date "2025.08.26"]
[Round "2"]
[White "Donoso Aguirre, Maximiliano"]
[Black "Steinberg, Nitzan"]
[Result "0-1"]
[WhiteTitle "CM"]
[BlackTitle "GM"]
[WhiteElo "1978"]
[BlackElo "2554"]
[WhiteFideId "3458920"]
[BlackFideId "2801795"]
[EventDate "2025.08.26"]

1. e4 c5 2. c3 e6 3. d4 d5 4. exd5 exd5 5. Nf3 Nf6 6. Bb5+ Bd7 7. Bxd7+ Nbxd7 8.
O-O Be7 9. dxc5 Nxc5 10. Re1 O-O 11. Nd4 Qd7 12. Bf4 Rfe8 13. Na3 a6 14. Nac2 h6
15. Qf3 Nfe4 16. Rad1 Rad8 17. Ne3 Bf6 18. Bg3 Qa4 19. Ndf5 Qxa2 20. Ng4 Nd7 21.
Re2 Ng5 22. Nfxh6+ Kh8 23. Rxe8+ Rxe8 24. Qf5 Qa4 25. Rf1 Qe4 26. Qxd7 Qe6 27.
Qxe6 fxe6 28. Nxf6 gxf6 29. Ng4 Kg7 30. Re1 Ne4 31. f3 Nc5 32. Nf2 b5 33. Bd6
Na4 34. Re2 Rc8 35. Bb4 e5 36. Nd3 Kf7 37. Nc1 d4 38. Na2 Nb6 39. cxd4 exd4 40.
Rd2 Rd8 41. Bc5 Nc4 42. Rxd4 Rc8 43. Bb4 Nxb2 44. Nc3 Nc4 45. Rd7+ Kg6 46. Ra7
Rc6 47. Ne4 Ne5 48. h3 Rc1+ 49. Kh2 Rc6 50. Kg3 Nd3 51. Rd7 Nxb4 52. Ra7 f5 53.
Nd2 Nd5 54. Nb3 Rd6 55. Nc5 b4 56. Rxa6 Rxa6 57. Nxa6 b3 58. Nc5 b2 0-1

[Event "Titled Tue 26th Aug Late"]
[Site "chess.com INT"]
[Date "2025.08.26"]
[Round "2"]
[White "Caprio, Guido"]
[Black "Kalogridis, Themistoklis"]
[Result "1/2-1/2"]
[WhiteTitle "IM"]
[BlackTitle "FM"]
[WhiteElo "2435"]
[BlackElo "2295"]
[WhiteFideId "834580"]
[BlackFideId "25841475"]
[EventDate "2025.08.26"]

1. Nf3 d5 2. d4 Nf6 3. c4 e6 4. Nc3 Be7 5. Bf4 O-O 6. e3 b6 7. cxd5 exd5 8. Bd3
Ba6 9. O-O Bxd3 10. Qxd3 c6 11. Rfe1 Nbd7 12. h3 Re8 13. Rac1 Nf8 14. Ne5 c5 15.
dxc5 bxc5 16. Red1 Ne6 17. Nxd5 Nxd5 18. Qxd5 Qxd5 19. Rxd5 Nxf4 20. exf4 Rad8
21. Rxd8 Bxd8 22. Rxc5 Bb6 23. Rb5 f6 24. Nf3 Re2 25. Kh2 Rxf2 26. a4 h5 27. a5
Be3 28. Kg3 h4+ 29. Nxh4 Rxf4 30. Rb8+ Kh7 31. Rh8+ Kxh8 32. Ng6+ Kg8 33. Nxf4
Kf7 34. Kf3 Bc1 35. Nd3 Bd2 36. Ke4 Bxa5 37. Kd5 Kg6 38. g4 Kg5 39. Ke6 g6 40.
Nf2 f5 41. gxf5 gxf5 42. Ke5 Bc7+ 43. Kd5 Kf4 44. h4 Kg3 45. h5 Kxf2 46. h6 Bd8
47. Ke6 Bb6 48. Ke5 Ke3 49. Kxf5 Kd3 50. Ke5 Bd4+ 51. Kd5 a5 52. h7 Bxb2 53. Kc5
a4 54. Kb4 a3 55. Kb3 Kd2 56. Ka2 Kc2 57. h8=B Bc1 58. Bg7 Kd1 59. Bf8 Bb2 60.
Bxa3 1/2-1/2

[Event "Titled Tue 26th Aug Late"]
[Site "chess.com INT"]
[Date "2025.08.26"]
[Round "2"]
[White "Fernandes, Rogerio Paulo Muller"]
[Black "Calcada, Lucas Galvan"]
[Result "1-0"]
[WhiteElo "2241"]
[BlackElo "2072"]
[WhiteFideId "2101599"]
[BlackFideId "22746099"]
[EventDate "2025.08.26"]

1. c4 c5 2. g3 Nc6 3. Bg2 g6 4. Nf3 Bg7 5. O-O Nf6 6. Nc3 O-O 7. d3 d6 8. a3 Bd7
9. Rb1 a6 10. b4 Rb8 11. b5 axb5 12. cxb5 Nd4 13. Nxd4 cxd4 14. Nd5 Nxd5 15.
Bxd5 Qb6 16. Qb3 e6 17. Bg2 Rfc8 18. Bd2 Bf8 19. a4 Qc5 20. Rfc1 Qe5 21. Bf3 b6
22. Bf4 Qf6 23. Bc6 Bxc6 24. Rxc6 e5 25. Bd2 Qd8 26. Rbc1 Be7 27. Bb4 Rxc6 28.
bxc6 Qc7 29. Qd5 Kg7 30. Kg2 Ra8 31. Qb5 Rb8 32. g4 f5 33. gxf5 gxf5 34. f4 Kf6
35. Kf3 Rg8 36. a5 e4+ 37. Kf2 e3+ 38. Kf3 Rb8 39. a6 Ra8 40. Be1 Ke6 41. Qc4+
d5 42. Qxd4 Bc5 43. Qe5+ Qxe5 44. fxe5 Rxa6 45. d4 Bxd4 46. c7 Ra8 47. c8=Q+
Rxc8 48. Rxc8 Kxe5 49. Rh8 f4 50. Rxh7 Bc5 51. Rf7 Kd4 52. Rxf4+ Ke5 53. h4 d4
54. Re4+ Kd5 55. Bg3 1-0

[Event "Titled Tue 26th Aug Late"]
[Site "chess.com INT"]
[Date "2025.08.26"]
[Round "2"]
[White "Gatineau, Yovann"]
[Black "Carlsen, Magnus"]
[Result "1-0"]
[WhiteTitle "IM"]
[BlackTitle "GM"]
[WhiteElo "2371"]
[BlackElo "2839"]
[WhiteFideId "26028999"]
[BlackFideId "1503014"]
[EventDate "2025.08.26"]

1. d4 d5 2. c4 e5 3. dxe5 Ne7 4. cxd5 Qxd5 5. Qxd5 Nxd5 6. a3 Nc6 7. Nf3 g6 8.
e4 Nde7 9. Bd2 Bg4 10. Bc3 Bxf3 11. gxf3 Bh6 12. Nd2 O-O-O 13. Nb3 Rhf8 14. Bc4
b6 15. Ke2 Bf4 16. e6 f6 17. Rad1 Ne5 18. Ba6+ Kb8 19. h4 c5 20. h5 g5 21. Bb5
Kc7 22. a4 Rxd1 23. Rxd1 Rd8 24. Nxc5 Rxd1 25. Na6+ Kd6 26. Kxd1 Kxe6 27. Ke2 f5
28. Nc7+ Kd6 29. Ne8+ Ke6 30. Nc7+ Kd6 31. Bb4+ Kxc7 32. Bxe7 fxe4 33. fxe4 a5
34. f3 Nf7 35. Bf6 Be5 36. Bxe5+ Nxe5 37. Ke3 Kd6 38. Be2 Ke6 39. f4 gxf4+ 40.
Kxf4 Kf6 41. Ke3 Nc6 42. Kf4 h6 43. Bd1 Ne5 44. Be2 Nd7 45. Bd1 Ne5 46. Be2 Nd7
47. Bd1 Nc5 48. e5+ Ke6 49. Bc2 Kf7 50. Kf5 Ke7 51. Kg6 Nd7 52. Kxh6 Nxe5 53.
Kg7 Nc6 54. h6 Nd4 55. Bd3 Ne6+ 56. Kg8 1-0

[Event "Titled Tue 26th Aug Late"]
[Site "chess.com INT"]
[Date "2025.08.26"]
[Round "2"]
[White "Henriquez Villagra, Cristobal"]
[Black "Kao, Jamison Edrich"]
[Result "1-0"]
[WhiteTitle "GM"]
[BlackTitle "CM"]
[WhiteElo "2592"]
[BlackElo "2081"]
[WhiteFideId "3409350"]
[BlackFideId "6007937"]
[EventDate "2025.08.26"]

1. e4 c5 2. Nf3 Nc6 3. Bc4 e6 4. O-O d5 5. exd5 exd5 6. Re1+ Be7 7. Bb5 Nf6 8.
Ne5 Qc7 9. d4 O-O 10. Bf4 Nxd4 11. Bd3 Bd6 12. Bg3 Re8 13. f4 c4 14. Bf1 Bf5 15.
Qxd4 Bc5 16. Bf2 Bxd4 17. Bxd4 Bxc2 18. Nc3 Bf5 19. h3 h5 20. Rad1 a6 21. Be2
Rad8 22. g4 hxg4 23. hxg4 Bh7 24. g5 Ne4 25. Bh5 Bg6 26. Bxg6 fxg6 27. Kg2 Rf8
28. Nxe4 dxe4 29. Rxe4 Rde8 30. Kg3 b5 31. Bc3 Rd8 32. Rh1 Qb7 33. Rhe1 b4 34.
Bd4 Rxd4 35. Rxd4 c3 36. bxc3 bxc3 37. Re2 Rc8 38. Rd1 c2 39. Rc1 Qb2 40. Ree1
Qxa2 41. Nxg6 Qa3+ 42. Kg4 Rc3 43. Ne7+ Kf7 44. g6+ Kf8 45. Nf5 Qa4 46. Rh1 Ke8
47. Rh8+ Kd7 48. Rh7 Ke6 49. Nxg7+ Kd5 50. Nf5 Qe4 51. Re7 Qf3+ 52. Kg5 Rc5 53.
Re5+ Kc4 54. Rxc5+ Kxc5 55. Rxc2+ Kb6 56. Rb2+ Kc7 57. Rd2 a5 58. Rd4 Qg2+ 59.
Kf6 Qh3 60. g7 Qh7 61. Ne7 Qh6+ 62. Kf7 Qh5+ 63. Kf6 Qh6+ 64. Ng6 Qh7 65. f5 Qg8
66. Ne7 Qe8 67. g8=Q Qf8+ 68. Qxf8 1-0

[Event "Titled Tue 26th Aug Late"]
[Site "chess.com INT"]
[Date "2025.08.26"]
[Round "2"]
[White "Ostrovskiy, Aleksandr"]
[Black "Ocampos, Ian"]
[Result "1-0"]
[WhiteTitle "IM"]
[WhiteElo "2366"]
[BlackElo "2195"]
[WhiteFideId "2034239"]
[BlackFideId "117544"]
[EventDate "2025.08.26"]

1. e4 c5 2. Nc3 a6 3. d4 cxd4 4. Qxd4 Nc6 5. Qe3 g6 6. Bd2 Bh6 7. f4 e5 8. g3
exf4 9. gxf4 Qh4+ 10. Qg3 Qxg3+ 11. hxg3 Bg7 12. Nd5 Rb8 13. O-O-O Nge7 14. Nb6
d6 15. Be3 f5 16. Bg2 O-O 17. Rxd6 fxe4 18. Bxe4 Nf5 19. Nxc8 Rbxc8 20. Bxf5
Rxf5 21. Nf3 Nb4 22. c3 Nxa2+ 23. Kb1 Nxc3+ 24. bxc3 Rb5+ 25. Ka2 Rxc3 26. Rd8+
Kf7 27. Rd7+ Kf8 28. Bd4 Rxf3 29. Bxg7+ Ke8 30. Rd2 Rxg3 31. Rxh7 Ra5+ 32. Kb1
Rb5+ 33. Bb2 Rg1+ 34. Kc2 Rc5+ 35. Bc3 Rg3 36. Rd3 Rg2+ 37. Kb3 Rb5+ 38. Kc4 Ra2
39. Rh8+ Kf7 40. Rh7+ Ke6 41. Re3+ Kf5 42. Rf7+ Kg4 43. Re6 Ra4+ 44. Kd3 Rxf4
45. Rxg6+ Kf3 46. Rgf6 Rd5+ 47. Kc2 Rxf6 48. Rxf6+ Kg4 49. Rf7 b5 50. Ra7 Rd6
51. Bb4 Rc6+ 52. Kb3 Kf5 53. Rf7+ Ke4 54. Re7+ Kd5 55. Rd7+ Ke6 56. Rd1 Rc4 57.
Re1+ Kd7 58. Rg1 Kc6 59. Rg6+ Kb7 60. Ba5 Rc6 61. Rg7+ Kb8 62. Bc3 Re6 63. Rd7
Re4 64. Rf7 Re3 65. Kb4 1-0

[Event "Titled Tue 26th Aug Late"]
[Site "chess.com INT"]
[Date "2025.08.26"]
[Round "2"]
[White "Ferey, Antonin"]
[Black "Chelly, Yahya"]
[Result "0-1"]
[WhiteTitle "CM"]
[BlackTitle "CM"]
[WhiteElo "2256"]
[BlackElo "1949"]
[WhiteFideId "36051454"]
[BlackFideId "5516200"]
[EventDate "2025.08.26"]

1. Nf3 d5 2. g3 Nf6 3. Bg2 e6 4. O-O Be7 5. c4 dxc4 6. Qc2 O-O 7. Qxc4 a6 8. Qc2
c5 9. b3 Nc6 10. Bb2 Bd7 11. Nc3 Rc8 12. Rad1 b5 13. d3 Qb6 14. e3 Rfd8 15. Kh1
Be8 16. Nd2 Nb4 17. Qb1 Nxd3 18. Ba1 Bc6 19. Nce4 Qb7 20. Nxf6+ Bxf6 21. e4 Ne5
22. Rfe1 Rd7 23. Nf1 Rcd8 24. Rxd7 Qxd7 25. Ne3 Qe7 26. Rd1 Rxd1+ 27. Qxd1 Nd7
28. f4 Bxa1 29. Qxa1 Nf6 30. e5 Bxg2+ 31. Kxg2 Qb7+ 32. Kf2 Ne4+ 33. Ke2 Qd7 34.
Qc1 b4 35. Qc2 Nc3+ 36. Kf2 Qd4 37. Kf3 g6 38. h3 h5 39. g4 h4 40. Nc4 Qd5+ 41.
Kf2 Ne4+ 42. Ke3 Nc3 43. Nd6 Qh1 44. Kd3 Qxh3+ 45. Kc4 Qxg4 46. Kxc5 Qxf4 47.
Nc4 h3 48. Qd3 Qf2+ 49. Kxb4 Nxa2+ 50. Ka3 h2 51. Qd8+ Kg7 52. Nd6 Nc1 53. Qe7
h1=Q 54. Ne8+ Kh6 55. Qf8+ Kg5 56. Nd6 Kg4 57. Nxf7 Qa2+ 58. Kb4 Qe1+ 59. Kc5
Qc2+ 60. Kd6 Qd3+ 61. Ke7 Qb4+ 62. Ke8 Qxf8+ 63. Kxf8 Qxb3 64. Nh6+ Kg5 65. Nf7+
Kf5 66. Nd6+ Kxe5 67. Nc4+ Qxc4 0-1

[Event "Titled Tue 26th Aug Late"]
[Site "chess.com INT"]
[Date "2025.08.26"]
[Round "2"]
[White "Kavyev, Ruslan"]
[Black "Demaria, Juan Pablo"]
[Result "0-1"]
[WhiteTitle "FM"]
[BlackTitle "FM"]
[WhiteElo "2179"]
[BlackElo "2215"]
[WhiteFideId "34110981"]
[BlackFideId "104922"]
[EventDate "2025.08.26"]

1. Nf3 d5 2. g3 c6 3. Bg2 g6 4. c4 dxc4 5. a4 Bg7 6. Na3 Nf6 7. Nxc4 O-O 8. O-O
Na6 9. d4 Nb4 10. Bd2 a5 11. e3 Ne4 12. Bc3 Be6 13. Qe2 Nxc3 14. bxc3 Nd5 15.
Rfc1 b5 16. Nce5 Qb6 17. c4 bxc4 18. Nxc4 Qa6 19. Bf1 Nb4 20. Nce5 Qxe2 21. Bxe2
Bd5 22. Nd7 Rfd8 23. Nb6 Bxf3 24. Bxf3 Ra6 25. Nc4 c5 26. Ne5 cxd4 27. exd4 Rad6
28. Nc4 Ra6 29. Ne5 Rad6 30. Nc4 Rxd4 31. Nxa5 Nd3 32. Nc6 Nxc1 33. Rxc1 Rd3 34.
Be4 Rd1+ 35. Rxd1 Rxd1+ 36. Kg2 Ra1 37. a5 Bc3 38. Nxe7+ Kf8 39. Nd5 Bxa5 40. h4
Ra2 41. h5 Be1 42. hxg6 hxg6 43. Kh3 Rxf2 44. Nf4 Ra2 45. Bd5 Ra3 46. Ne2 Kg7
47. Kg2 f5 48. Bf3 Kf6 49. g4 Bb4 50. gxf5 gxf5 51. Ng3 Bd6 52. Ne2 Kg5 53. Kf2
Bc5+ 54. Kg2 Re3 55. Ng3 Rb3 56. Ne2 Rb2 57. Kg3 Be3 58. Kg2 Kh4 59. Kf1 f4 60.
Kg2 Ra2 61. Kh2 Ra7 62. Kg2 Rg7+ 63. Kh2 Kg5 64. Kg2 Kf5+ 65. Kh2 Ke5 66. Kh3
Bf2 67. Kh2 Kd6 68. Kh3 Be3 69. Kh2 Kc5 70. Kh3 Kc4 71. Bh5 Kd3 72. Bf3 Kd2 73.
Kh2 Ke1 74. Bh5 Kf2 75. Kh3 Rh7 76. Kh4 Rxh5+ 77. Kxh5 Kxe2 0-1

[Event "Titled Tue 26th Aug Late"]
[Site "chess.com INT"]
[Date "2025.08.26"]
[Round "2"]
[White "Germanovs, Georgijs"]
[Black "Urbina Perez, Juan Antonio"]
[Result "0-1"]
[WhiteTitle "CM"]
[BlackTitle "FM"]
[WhiteElo "2260"]
[BlackElo "2221"]
[WhiteFideId "11609710"]
[BlackFideId "2217368"]
[EventDate "2025.08.26"]

1. Nf3 d5 2. c4 c6 3. d4 Nf6 4. Nc3 a6 5. cxd5 cxd5 6. h3 Nc6 7. Bf4 Bf5 8. Nh4
Bg6 9. Nxg6 hxg6 10. e3 e6 11. Qb3 Na5 12. Qa4+ Nc6 13. Rc1 Bd6 14. Bg5 Qa5 15.
Bd3 Nh7 16. Bh4 g5 17. Bg3 Bxg3 18. fxg3 Nf6 19. Qxa5 Nxa5 20. Na4 Nd7 21. Ke2
Nc6 22. a3 Ke7 23. b4 Kd6 24. Nc5 Nxc5 25. dxc5+ Kc7 26. e4 dxe4 27. Bxe4 Rad8
28. g4 Rd4 29. Ke3 Rhd8 30. Rhf1 f6 31. g3 Ne5 32. Rfe1 Nc4+ 33. Kf2 Nxa3 34. h4
gxh4 35. gxh4 Nc4 36. g5 Ne5 37. gxf6 gxf6 38. h5 Rxe4 39. Rxe4 Nd3+ 40. Ke3
Nxc1 41. Rxe6 Rd3+ 42. Ke4 Rh3 43. Re7+ Kc6 44. Re6+ Kd7 45. Rb6 Kc7 46. Rxf6
Rxh5 47. Kd4 Rh4+ 48. Kd5 Rh7 49. Kc4 Ne2 50. b5 axb5+ 51. Kxb5 Nd4+ 52. Kc4 Nc6
53. Rf1 Rh4+ 54. Kc3 Ne5 55. Kb3 Kc6 56. Rf6+ Kxc5 57. Rf8 b6 58. Rc8+ Kb5 59.
Rd8 Rh3+ 60. Kc2 Nc6 61. Rd5+ Kc4 62. Rd6 Kc5 63. Rg6 b5 64. Rg5+ Kc4 65. Rg6
Nd4+ 66. Kb2 Rh2+ 67. Kb1 Kb3 68. Rg3+ Kc4 69. Rg6 b4 70. Rg3 Nb5 71. Rg4+ Kb3
72. Rg3+ Nc3+ 73. Kc1 Rc2# 0-1

[Event "Titled Tue 26th Aug Late"]
[Site "chess.com INT"]
[Date "2025.08.26"]
[Round "2"]
[White "Schnaider, Ilan"]
[Black "Erdogan, Anil Berk"]
[Result "0-1"]
[WhiteTitle "IM"]
[BlackTitle "CM"]
[WhiteElo "2386"]
[BlackElo "2091"]
[WhiteFideId "169013"]
[BlackFideId "6348173"]
[EventDate "2025.08.26"]

1. Nf3 c5 2. e4 g6 3. Bc4 Bg7 4. c3 e6 5. a4 Ne7 6. d3 d5 7. Bb3 dxe4 8. dxe4
Qxd1+ 9. Bxd1 Nbc6 10. a5 O-O 11. Be3 f5 12. Bxc5 fxe4 13. Nfd2 e3 14. Bxe3 Nd5
15. Bc5 Rf5 16. Bd6 b6 17. Bc2 Rf7 18. axb6 Nxb6 19. O-O Bb7 20. Bc5 Rd8 21. Ne4
Nc4 22. Bb3 N6a5 23. Bc2 Bxe4 24. Bxe4 Nb3 25. Ra4 Nxb2 26. Bb6 axb6 27. Rb4 Nc5
28. Bc2 Nbd3 29. Rxb6 Nf4 30. Rc6 Nd7 31. Re1 Ne5 32. Rb6 Nc4 33. Rc6 Nd2 34.
Rd1 Rfd7 35. Nxd2 Rxd2 36. Rxd2 Rxd2 37. Ba4 Ra2 38. Rc8+ Kf7 39. Be8+ Ke7 40.
h4 Be5 41. Bb5 Nd5 42. g3 Rb2 43. Bc4 Nb6 44. Rb8 Nxc4 45. Ra8 Rc2 46. Ra7+ Kd6
47. Rxh7 Rxc3 48. Rh6 Nd2 49. Rxg6 Nf3+ 50. Kg2 Bd4 51. h5 Ne5 52. Rg8 Rc2 53.
Rf8 Ke7 54. Rf4 Bc5 55. h6 Nd3 56. Rf3 Ne1+ 57. Kf1 Nxf3 58. h7 Bd4 59. h8=Q
Bxh8 60. Kg2 Nd4 61. Kh3 Nc6 62. f4 Rc4 63. Kg4 Ra4 64. Kg5 Ra8 65. g4 Rg8+ 66.
Kh5 Bf6 67. g5 Bxg5 68. f5 Bf6 69. Kh6 exf5 70. Kh7 Rg7+ 71. Kh8 Rg1+ 72. Kh7 f4
73. Kh6 f3 74. Kh5 f2 75. Kh6 f1=Q 76. Kh7 Qg2 77. Kh6 Qh2# 0-1

[Event "Titled Tue 26th Aug Late"]
[Site "chess.com INT"]
[Date "2025.08.26"]
[Round "2"]
[White "Schuster, Karsten"]
[Black "Fellowes, Billy"]
[Result "0-1"]
[WhiteTitle "FM"]
[BlackTitle "CM"]
[WhiteElo "2266"]
[BlackElo "2122"]
[WhiteFideId "4611071"]
[BlackFideId "483540"]
[EventDate "2025.08.26"]

1. d4 Nc6 2. Nf3 e6 3. Bg5 Be7 4. Bxe7 Ngxe7 5. c4 d5 6. e3 O-O 7. Nc3 b6 8.
cxd5 exd5 9. Bd3 Bb7 10. O-O a6 11. Rc1 Qd6 12. a3 Ng6 13. b4 Nce7 14. Ne2 Rac8
15. Ng3 c5 16. Nf5 Nxf5 17. Bxf5 Rc7 18. bxc5 bxc5 19. dxc5 Rxc5 20. Rxc5 Qxc5
21. Qb1 Ba8 22. Qb2 Ne7 23. Bb1 Bc6 24. Nd4 Bd7 25. Rc1 Qd6 26. h3 Rb8 27. Qc2
Ng6 28. Qd3 h6 29. Qc3 Nf8 30. Bf5 Rc8 31. Qa1 Rc4 32. Bd3 Ra4 33. Rc3 Qb6 34.
Qc1 Ng6 35. Bc2 Ra5 36. Bxg6 Qxg6 37. Kf1 Ra4 38. Nf3 Bb5+ 39. Kg1 Rc4 40. Ne5
Rxc3 41. Qxc3 Qe6 42. f4 f6 43. Nf3 Qe4 44. Kf2 Bc4 45. Nd2 Qe6 46. Nf3 Qd6 47.
Nd2 Qe6 48. Nf3 Qb6 49. Nd2 Qb5 50. g4 Qa4 51. Kg3 a5 52. Nxc4 dxc4 53. Qd4 Qxa3
54. Qxc4+ Kf8 55. Qc8+ Ke7 56. Qc7+ Ke8 57. Qc8+ Kf7 58. Qc4+ Kf8 59. Qc8+ Ke7
60. Qc7+ Ke6 61. Qc4+ Kd6 62. Qd4+ Kc6 63. Qc4+ Qc5 64. Qa6+ Qb6 65. Qc4+ Kb7
66. Qf7+ Ka6 67. Qxg7 Qxe3+ 68. Kh4 Qxf4 0-1

[Event "Titled Tue 26th Aug Late"]
[Site "chess.com INT"]
[Date "2025.08.26"]
[Round "2"]
[White "Csonka, Balazs"]
[Black "Arnold, Rhys"]
[Result "1-0"]
[WhiteTitle "IM"]
[BlackTitle "FM"]
[WhiteElo "2467"]
[BlackElo "2269"]
[WhiteFideId "742910"]
[BlackFideId "1068849"]
[EventDate "2025.08.26"]

1. d4 Nf6 2. c4 e6 3. Nf3 Bb4+ 4. Bd2 Qe7 5. e3 O-O 6. Bd3 Bxd2+ 7. Qxd2 d6 8.
Nc3 e5 9. Bc2 h6 10. h3 e4 11. Nh2 Bf5 12. f4 h5 13. g4 hxg4 14. hxg4 Nxg4 15.
Nxg4 Bxg4 16. Bxe4 g6 17. Qh2 Bh5 18. Kd2 Nd7 19. Rag1 Nf6 20. Bf3 Rfe8 21. e4
Kf8 22. e5 dxe5 23. dxe5 Rad8+ 24. Kc2 Qd7 25. Bd5 Nxd5 26. Nxd5 Qf5+ 27. Kc3 c6
28. Rg5 Qe4 29. Rxh5 cxd5 30. Rh8+ Ke7 31. Qh4+ Kd7 32. Rxe8 Rxe8 33. Qh3+ Kc7
34. Rc1 d4+ 35. Kb3 Kb8 36. Qh1 Qxf4 37. Qf1 Qxe5 38. Qxf7 Qe3+ 39. Ka4 Qe7 40.
Qxe7 Rxe7 41. Rg1 Rg7 42. Kb4 g5 43. Kc5 g4 44. Kxd4 g3 45. Ke3 g2 46. Kf2 Rg4
47. b3 Rd4 48. Rxg2 Rd2+ 49. Kf3 Rd1 50. Ke3 a6 51. Rd2 Rh1 52. Kd3 Rh3+ 53. Kc2
Rh4 54. a4 Ka7 55. Kc3 Rh5 56. Kb4 Rg5 57. a5 Rh5 58. Rd5 Rh4 59. Kc5 Rh6 60. b4
Rc6+ 61. Kd4 Rh6 62. Re5 Rh4+ 63. Kd5 Rh6 64. Re6 Rh5+ 65. Kd6 Rh1 66. Kd5 Rh5+
67. Re5 Rh4 68. Kc5 Rh1 69. b5 axb5 70. cxb5 Rc1+ 71. Kd6 Rd1+ 72. Rd5 Rb1 73.
Kc7 Rc1+ 74. Kd7 Ra1 75. Kc7 Rc1+ 76. Kd6 Ra1 77. Rc5 Rxa5 78. Kc7 Ra1 79. Rc4
b6 80. Rc6 Ra5 81. Rc2 Ra1 82. Rc6 Ra2 83. Rxb6 Rc2+ 84. Rc6 Rb2 85. b6+ Ka8 86.
Rc5 Ra2 87. b7+ 1-0

[Event "Titled Tue 26th Aug Late"]
[Site "chess.com INT"]
[Date "2025.08.26"]
[Round "2"]
[White "Yurovskykh, Oleksandr"]
[Black "Bogaudinov, Rushan"]
[Result "1/2-1/2"]
[WhiteTitle "FM"]
[BlackTitle "FM"]
[WhiteElo "2379"]
[BlackElo "1912"]
[WhiteFideId "14134020"]
[BlackFideId "4129288"]
[EventDate "2025.08.26"]

1. d4 d5 2. Bf4 c6 3. e3 Nd7 4. c4 Ngf6 5. Nc3 g6 6. Nf3 Bg7 7. cxd5 Nxd5 8.
Nxd5 cxd5 9. Be2 O-O 10. O-O Nb6 11. Rc1 Bg4 12. Bc7 Qd7 13. Bxb6 axb6 14. Qb3
Bxf3 15. Bxf3 e6 16. a3 Qd6 17. Rc3 Rfc8 18. Rfc1 Rxc3 19. Rxc3 Bf6 20. g3 h5
21. h4 Kg7 22. Kg2 Bd8 23. Be2 Qd7 24. Bb5 Qd6 25. a4 Be7 26. Qc2 Bd8 27. b3 Rb8
28. Qc1 Ra8 29. Rc2 Rb8 30. Qd1 Be7 31. Rc1 Qd8 32. Qc2 Bd6 33. e4 dxe4 34. Qxe4
Rc8 35. Rc4 Rxc4 36. bxc4 Qc7 37. d5 e5 38. Qe2 f5 39. Qb2 Bc5 40. Qe2 Bd4 41.
Qc2 Qd6 42. Qe2 Qc7 43. Qc2 Qc5 44. Qe2 Qd6 45. Qc2 Qf6 46. Qe2 f4 47. Qf3 Bc5
48. Bd7 Qe7 49. Be6 Bd6 50. Qe4 Qf6 51. Qe2 Bc5 52. Qf3 Bd6 53. Kh3 Qe7 54. Kg2
Qf6 55. Bh3 Qf7 56. Qe4 Qf6 57. Kh2 fxg3+ 58. fxg3 Qf2+ 59. Bg2 Qd4 60. Qxd4
exd4 61. Be4 Kf6 62. Kg2 g5 63. hxg5+ Kxg5 64. Kf3 h4 65. gxh4+ Kxh4 66. Bd3 Kg5
67. Ke4 Kf6 68. Kxd4 Ke7 69. Ke4 Kf6 70. Bf1 Ke7 71. Bh3 Kd8 72. Bf5 Kc7 73. Bg6
Bc5 74. Be8 Bd6 75. Bb5 Bc5 76. Kf5 Bd6 77. Ke6 Bc5 78. Ke5 Bd6+ 79. Ke4 Bc5 80.
Kf4 Bd6+ 81. Kf5 Bc5 82. Ke6 Bd6 83. a5 bxa5 84. Ba4 Bc5 85. Bb5 Bd6 86. Ba4 Bc5
87. Bb5 Bb4 88. Ke5 Bc5 89. Ke4 Kd6 90. Ba4 b6 91. Bb5 Ke7 92. Ba4 Kd6 93. Kd3
Ke7 94. Bb5 Kd6 95. Kc2 Ke7 96. Kb3 Kd6 97. Ba4 Ke7 98. Bb5 Kd6 99. Ba4 Ke7 100.
Bb5 1/2-1/2

[Event "Titled Tue 26th Aug Late"]
[Site "chess.com INT"]
[Date "2025.08.26"]
[Round "2"]
[White "Venkatesh, Narayan"]
[Black "Bhatia, Kanishka"]
[Result "0-1"]
[WhiteTitle "FM"]
[BlackTitle "WCM"]
[WhiteElo "2218"]
[BlackElo "2067"]
[WhiteFideId "30987881"]
[BlackFideId "2410095"]
[EventDate "2025.08.26"]

1. d4 Nf6 2. c4 e6 3. g3 Be7 4. Bg2 O-O 5. Nf3 b6 6. O-O Bb7 7. Nc3 Ne4 8. Qd3
Nxc3 9. Qxc3 c5 10. Rd1 cxd4 11. Nxd4 Bxg2 12. Kxg2 Qc7 13. b3 Bf6 14. Bb2 Nc6
15. Qe3 Qb7 16. Kg1 Nxd4 17. Bxd4 Bxd4 18. Rxd4 Rfd8 19. Rad1 Rac8 20. Qd3 Rc7
21. e4 h6 22. f4 Qc6 23. e5 a6 24. Rd6 Qc5+ 25. Qd4 Qxd4+ 26. R1xd4 Rb7 27. Kf2
Kf8 28. Ke3 Ke7 29. Kd3 Rc8 30. b4 a5 31. a3 axb4 32. axb4 Ra8 33. Kc3 Ra2 34.
Rd2 Ra3+ 35. Kb2 Re3 36. R6d3 Re4 37. Kc3 Rc7 38. Rd4 Re3+ 39. Kb2 f6 40. exf6+
gxf6 41. Rc2 d6 42. g4 e5 43. fxe5 fxe5 44. Rd5 Re4 45. Kb3 Rxg4 46. c5 bxc5 47.
bxc5 Rxc5 48. Rcxc5 dxc5 49. Rxe5+ Kd6 50. Rh5 Rg6 51. Kc4 Rg4+ 52. Kc3 Rg6 53.
Kd3 Kc6 54. Kc4 Rg4+ 55. Kc3 Rg6 56. Rf5 Kb6 57. Kc4 Rg4+ 58. Kc3 Rg6 59. h4 Kb5
60. h5 Rg3+ 61. Kc2 Rh3 62. Re5 Kb4 63. Re4+ c4 64. Re5 Rh2+ 65. Kd1 Kb3 66.
Rb5+ Kc3 67. Rf5 Rh1+ 68. Ke2 Kc2 69. Rc5 c3 70. Rc6 Rh2+ 71. Kf1 Kb2 72. Kg1
Rxh5 73. Rb6+ Kc1 74. Rc6 c2 75. Rc7 Rb5 76. Rd7 Kb2 77. Rc7 c1=Q+ 78. Rxc1 Kxc1
79. Kg2 Kc2 80. Kh3 Kc3 81. Kg3 Rc5 82. Kh4 h5 0-1